00697nam a2200157 a 450000100080000000500110000800800410001910000250006024501280008526002310021365000210044465000250046565000110049070000210050170000170052210260362024-12-23 2024 bl uuuu u01u1 u #d1 aVINAGRE, D. O. V. B. aAnalise dos macros indicadores socioeconomicos da cadeia produtiva do mamao capixaba de 2018 a 2023.h[electronic resource] aIn: MARTINS, D. dos S.; VENTURA, J. A.; VINAGRE, D. O. V. B. (Org.). SIMPOSIO DO PAPAYA BRASILEIRO, 9., 2024, Vitoria-ES. Produção Sustentável com Qualidade. Vitória, ES : Incaper, 2024. Anais... Linhares, p. 459-463c2024 aCadeia Produtiva aIndicador Econômico aMamão1 aCOSTA, E. B. da.1 aSIMON, M. T.